[Event "29th Czech Open-Rapid 2018"]
[Site "Pardubice"]
[Date "2018.07.19"]
[Round "4"]
[White "Rosko, Lubos"]
[Black "Joukl, Zdenek"]
[Result "1/2-1/2"]
[WhiteElo "2294"]
[BlackElo "2068"]
[Annotator "NA"]
[PlyCount "44"]
[EventDate "2018.07.18"]
[EventType "swiss"]
[EventCountry "CZE"]
[SourceTitle "playchess.com"]
[Source "ChessBase"]
[SourceQuality "1"]
[TimeControl "900+10"]

1. e4 {[%emt 0:05:10]} d6 {[%emt 0:00:00]} 2. d4 {[%emt 0:00:15]} Nf6 {[%emt 0:00:01]} 3. Nc3 {[%emt 0:00:27]} Nbd7 {[%emt 0:00:08]} 4. f4 {[%emt 0:00:14]} c6 {[%emt 0:00:48]} 5. e5 {[%emt 0:00:52] B07: Pirc-Ufimzew-Verteidigung} Nd5 {[%emt 0:00:24]} 6. Nf3 {[%emt 0:00:20]} (6. Nxd5 cxd5 7. Bd3 g6 8. Nf3 Qb6 9. h4 dxe5 10. fxe5 Nb8 11. h5 gxh5 12. Rxh5 Nc6 13. Rxh7 {0-1 (32) Siebrecht,S (2492)-Bauer,C (2627) Switzerland 2014}) 6... Nxc3 {[%emt 0:03:00]} 7. bxc3 {[%emt 0:00:02]} Nb6 {[%emt 0:00:26]} 8. Bd3 {[%emt 0:00:27]} g6 $146 {[%emt 0:01:01]} ({Vorgänger:} 8... Bg4 9. O-O dxe5 10. fxe5 e6 11. Qe1 Bxf3 12. Rxf3 Qd7 {1-0 (27) Lejarre,L (2400)-Burg,B (2108) Cappelle-la-Grande 2011}) 9. O-O {[%emt 0:01:54]} Bg7 {[%emt 0:00:33]} 10. a4 {[%emt 0:00:35]} a5 {[%emt 0:01:08]} 11. exd6 {[%emt 0:00:52]} Qxd6 {[%emt 0:03:17]} 12. Ba3 {[%emt 0:01:04]} Qf6 {[%emt 0:00:56]} 13. Ne5 {[%emt 0:01:16]} O-O {[%emt 0:00:37]} 14. Bc5 {[%emt 0:00:46]} Nd5 {[%emt 0:01:25]} 15. Qd2 {[%emt 0:00:06]} b6 {[%emt 0:00:05]} 16. Ba3 {[%emt 0:00:02]} Bf5 {[%emt 0:00:17]} 17. c4 {[%emt 0:00:49]} Bxd3 {[%emt 0:00:15]} 18. cxd3 {[%emt 0:00:23]} Nc7 {[%emt 0:00:25]} 19. Bb2 {[%emt 0:00:06]} Qd6 {[%emt 0:00:20]} 20. Kh1 {[%emt 0:00:52]} Ne6 {[%emt 0:00:20]} 21. Ba3 {[%emt 0:00:46]} c5 $17 {[%emt 0:01:08]} 22. d5 {[%emt 0:00:18]} Nxf4 1/2-1/2

[Event "29th Czech Open-Rapid 2018"]
[Site "Pardubice"]
[Date "2018.07.19"]
[Round "4"]
[White "Becker, Dirk"]
[Black "Holy, Filip"]
[Result "1-0"]
[WhiteElo "2288"]
[BlackElo "2042"]
[Annotator "NA"]
[PlyCount "27"]
[EventDate "2018.07.18"]
[EventType "swiss"]
[EventCountry "CZE"]
[SourceTitle "playchess.com"]
[Source "ChessBase"]
[SourceQuality "1"]
[TimeControl "900+10"]

1. d4 {[%emt 0:00:00]} d5 {[%emt 0:00:00]} 2. Bf4 {[%emt 0:00:16]} Nf6 {[%emt 0:00:00]} 3. e3 {[%emt 0:00:07]} c5 {[%emt 0:00:00]} 4. Nc3 {[%emt 0:00:14]} a6 {[%emt 0:03:04]} 5. dxc5 {[%emt 0:00:07]} e6 {[%emt 0:00:55]} 6. Na4 {[%emt 0:00:08]} Nbd7 {[%emt 0:00:54]} 7. b4 {[%emt 0:01:38]} a5 {[%emt 0:00:41]} 8. a3 {[%emt 0:01:12]} axb4 {[%emt 0:05:15]} 9. axb4 {[%emt 0:00:01]} Ne4 {[%emt 0:00:02]} 10. Bb5 {[%emt 0:01:19]} Qf6 {[%emt 0:01:30]} 11. Nf3 {[%emt 0:03:45]} Nc3 {[%emt 0:02:48]} 12. Be5 {[%emt 0:00:12]} Qxe5 {[%emt 0:00:43]} 13. Nxe5 {[%emt 0:00:02]} Nxd1 {[%emt 0:00:02]} 14. Kxd1 1-0

[Event "29th Czech Open-Rapid 2018"]
[Site "Pardubice"]
[Date "2018.07.19"]
[Round "4"]
[White "Freisler, Pavel"]
[Black "Michelle Catherina, P."]
[Result "0-1"]
[WhiteElo "2237"]
[BlackElo "1970"]
[Annotator "ChessBase"]
[PlyCount "148"]
[EventDate "2018.07.18"]
[EventType "swiss"]
[EventCountry "CZE"]
[SourceTitle "playchess.com"]
[Source "ChessBase"]
[SourceQuality "1"]
[TimeControl "900+10"]

1. Nf3 {[%emt 0:00:00]} d5 {[%emt 0:05:10]} 2. c4 {[%emt 0:00:06]} e6 {[%emt 0:00:13]} 3. g3 {[%emt 0:00:04]} Nf6 {[%emt 0:00:12]} 4. Bg2 {[%emt 0:00:02]} dxc4 {[%emt 0:00:01]} 5. Qa4+ {[%emt 0:00:03]} c6 {[%emt 0:00:06]} 6. Qxc4 {[%emt 0:00:05]} b5 {[%emt 0:00:03]} 7. Qb3 {[%emt 0:01:38]} Bb7 {[%emt 0:00:15]} 8. a4 {[%emt 0:00:20]} a6 {[%emt 0:00:36]} 9. d3 {[%emt 0:00:21]} Nbd7 {[%emt 0:00:27]} 10. Be3 {[%emt 0:00:48]} c5 {[%emt 0:01:43]} 11. axb5 {[%emt 0:00:15]} Bd5 {[%emt 0:00:13]} 12. Qc2 {[%emt 0:00:46]} axb5 {[%emt 0:00:01]} 13. Rxa8 {[%emt 0:00:20]} Qxa8 {[%emt 0:00:06]} 14. O-O {[%emt 0:00:26]} Be7 {[%emt 0:00:26]} 15. Na3 {[%emt 0:02:59]} Bc6 {[%emt 0:00:36]} 16. Bg5 {[%emt 0:01:08]} O-O {[%emt 0:00:44]} 17. Nh4 {[%emt 0:01:10]} Rb8 {[%emt 0:01:13]} 18. Bxc6 {[%emt 0:00:37]} Qxc6 {[%emt 0:00:02]} 19. Nf3 {[%emt 0:00:02]} Qd5 {[%emt 0:00:46]} 20. Rc1 {[%emt 0:00:29]} h6 {[%emt 0:00:36]} 21. Bf4 {[%emt 0:00:32]} e5 {[%emt 0:00:26]} 22. Bd2 {[%emt 0:00:41]} e4 {[%emt 0:00:38]} 23. dxe4 {[%emt 0:00:03]} Nxe4 {[%emt 0:01:17]} 24. Bf4 {[%emt 0:00:10]} Rb7 {[%emt 0:00:09]} 25. Rd1 {[%emt 0:00:17]} Qe6 {[%emt 0:01:52]} 26. Ne5 {[%emt 0:02:19]} Nxf2 {[%emt 0:00:44]} 27. Kxf2 {[%emt 0:00:02]} Nxe5 {[%emt 0:00:02]} 28. Kg2 {[%emt 0:02:12]} Ng6 {[%emt 0:00:17]} 29. Bc1 {[%emt 0:00:57]} c4 {[%emt 0:00:08]} 30. Qd2 {[%emt 0:00:07]} Qc6+ {[%emt 0:00:10]} 31. Qd5 {[%emt 0:00:06]} Qxd5+ {[%emt 0:00:36]} 32. Rxd5 {[%emt 0:00:01]} Bxa3 {[%emt 0:00:09]} 33. bxa3 {[%emt 0:00:01]} Ne7 {[%emt 0:00:18]} 34. Rc5 {[%emt 0:00:03]} Rb6 {[%emt 0:00:10]} 35. Bd2 {[%emt 0:00:08]} Nc6 {[%emt 0:00:11]} 36. Rd5 {[%emt 0:00:12]} Rb7 {[%emt 0:00:12]} 37. Bc3 {[%emt 0:00:14]} Kh7 {[%emt 0:00:08]} 38. Rd6 {[%emt 0:00:06]} Ne7 {[%emt 0:00:09]} 39. g4 {[%emt 0:00:17]} f6 {[%emt 0:00:07]} 40. Kf3 {[%emt 0:00:05]} Ng6 {[%emt 0:00:14]} 41. Rd5 {[%emt 0:00:14]} Ne7 {[%emt 0:00:04]} 42. Rd6 {[%emt 0:00:01]} Ng6 {[%emt 0:00:01]} 43. Rd5 {[%emt 0:00:01]} Ne7 {[%emt 0:00:13]} 44. Rd6 {[%emt 0:00:01]} Kg6 {[%emt 0:00:18]} 45. h4 {[%emt 0:00:03]} Kf7 {[%emt 0:00:08]} 46. h5 {[%emt 0:00:05]} Nc8 {[%emt 0:00:03]} 47. Rc6 {[%emt 0:00:08]} Ne7 {[%emt 0:00:07]} 48. Rd6 {[%emt 0:00:02]} Nc8 {[%emt 0:00:01]} 49. Rc6 {[%emt 0:00:01]} Ne7 {[%emt 0:00:31]} 50. Rd6 {[%emt 0:00:01]} Nc8 {[%emt 0:00:01]} 51. Rc6 {[%emt 0:00:00]} Nb6 {[%emt 0:00:14]} 52. e4 {[%emt 0:00:50]} Na4 {[%emt 0:00:19]} 53. Bd4 {[%emt 0:00:02]} Rd7 {[%emt 0:00:06]} 54. Ke3 {[%emt 0:00:01]} Ke7 {[%emt 0:00:11]} 55. e5 {[%emt 0:00:24]} fxe5 {[%emt 0:00:11]} 56. Bxe5 {[%emt 0:00:01]} Kf7 {[%emt 0:00:13]} 57. Ke4 {[%emt 0:00:09]} Re7 {[%emt 0:00:12]} 58. Kf5 {[%emt 0:00:11]} Rb7 {[%emt 0:00:09]} 59. Bd4 {[%emt 0:00:37]} Rd7 {[%emt 0:00:05]} 60. Be5 {[%emt 0:00:01]} Rb7 {[%emt 0:00:01]} 61. Bd4 {[%emt 0:00:24]} Re7 {[%emt 0:00:05]} 62. Be5 {[%emt 0:00:05]} Rd7 {[%emt 0:00:00]} 63. Rg6 {[%emt 0:00:23]} Kg8 {[%emt 0:00:04]} 64. Rc6 {[%emt 0:00:13]} Kf7 {[%emt 0:00:13]} 65. Rg6 {[%emt 0:00:04]} Kg8 {[%emt 0:00:31]} 66. g5 {[%emt 0:00:15]} hxg5 {[%emt 0:00:14]} 67. h6 {[%emt 0:00:02]} c3 {[%emt 0:00:11]} 68. hxg7 {[%emt 0:00:03]} c2 {[%emt 0:00:16]} 69. Rc6 {[%emt 0:00:02]} Rd8 {[%emt 0:00:09]} 70. Rxc2 {[%emt 0:00:12]} Re8 {[%emt 0:00:08]} 71. Bf6 {[%emt 0:00:17]} Nb6 {[%emt 0:00:09]} 72. Rh2 {[%emt 0:00:11]} Kf7 {[%emt 0:00:06]} 73. Rb2 {[%emt 0:01:12]} Nc4 {[%emt 0:00:07]} 74. Rxb5 {[%emt 0:00:02]} Nd6+ 0-1

[Event "29th Czech Open-Rapid 2018"]
[Site "Pardubice"]
[Date "2018.07.19"]
[Round "4"]
[White "Balint, Vilmos"]
[Black "Zdrazil, Tomas"]
[Result "1/2-1/2"]
[WhiteElo "2226"]
[BlackElo "2017"]
[Annotator "NA"]
[PlyCount "174"]
[EventDate "2018.07.18"]
[EventType "swiss"]
[EventCountry "CZE"]
[SourceTitle "playchess.com"]
[Source "ChessBase"]
[SourceQuality "1"]
[TimeControl "900+10"]

1. Nf3 {[%emt 0:00:24]} Nf6 {[%emt 0:00:00]} 2. g3 {[%emt 0:00:00]} g6 {[%emt 0:00:00]} 3. Bg2 {[%emt 0:00:01]} Bg7 {[%emt 0:00:00]} 4. O-O {[%emt 0:00:02]} O-O {[%emt 0:00:00]} 5. c4 {[%emt 0:00:00]} c6 {[%emt 0:00:35]} 6. d4 {[%emt 0:00:07]} d5 {[%emt 0:00:02] LiveBook: 2948 Games} 7. cxd5 {[%emt 0:00:30]} cxd5 {[%emt 0:00:20]} 8. Ne5 {[%emt 0:00:14]} Nbd7 {[%emt 0:03:10]} 9. Nc3 {[%emt 0:01:26]} Nb6 {[%emt 0:05:07] D79: Fianchetto Grünfeld: Symmetrical Variation (6 0-0 c6 7 cxd5 cxd5)} 10. b3 {[%emt 0:03:11]} Be6 {[%emt 0:00:09]} (10... Bf5 11. Bb2 Rc8 12. Rc1 Ng4 13. Nxg4 Bxg4 14. a4 Bh6 15. f4 a5 16. Qd3 Bg7 17. e3 {½-½ (49) Tadic,B (2472)-Skoberne,J (2542) chess.com INT 2017}) 11. Ba3 {[%emt 0:00:22]} Nfd7 $146 {[%emt 0:00:47]} ({Predecessor:} 11... Re8 12. Qd2 Nfd7 13. Nf3 h6 14. Rac1 a6 15. e3 Rc8 16. Ne2 Nf6 17. Ne5 {½-½ (32) Lang,U (1994)-Just,J (2151) Bad Wiessee 2003}) 12. Nf3 {[%emt 0:00:38]} Nf6 {[%emt 0:01:03]} 13. Rc1 {[%emt 0:01:20]} Rc8 {[%emt 0:00:54]} 14. Ne5 {[%emt 0:00:52]} Nfd7 {[%emt 0:00:27]} 15. f4 {[%emt 0:00:18]} Nxe5 {[%emt 0:00:37]} 16. fxe5 {[%emt 0:02:16]} Bh6 {[%emt 0:00:24]} 17. Rc2 {[%emt 0:00:08]} Bf5 {[%emt 0:00:33]} 18. e4 {[%emt 0:01:01]} dxe4 {[%emt 0:00:02]} 19. Bxe4 {[%emt 0:00:30]} Bxe4 {[%emt 0:00:35]} 20. Nxe4 {[%emt 0:00:02]} Rxc2 {[%emt 0:00:02]} 21. Qxc2 {[%emt 0:00:01]} Qxd4+ {[%emt 0:00:03]} 22. Kg2 {[%emt 0:00:35]} Qxe5 {[%emt 0:00:29]} 23. Bb2 {[%emt 0:00:14]} Qd5 {[%emt 0:01:06]} 24. Rd1 {[%emt 0:00:05]} Qc6 {[%emt 0:00:07]} 25. Qxc6 {[%emt 0:00:09]} bxc6 {[%emt 0:00:02]} 26. a4 {[%emt 0:00:13]} Nd5 {[%emt 0:00:09]} 27. Kf3 {[%emt 0:00:08]} Bg7 {[%emt 0:00:23]} 28. Ba3 {[%emt 0:00:04]} Rb8 {[%emt 0:00:48]} 29. Rd3 {[%emt 0:00:04]} f5 {[%emt 0:00:43]} 30. Nc5 {[%emt 0:00:10]} e5 {[%emt 0:00:03]} 31. Rd1 {[%emt 0:00:04]} e4+ {[%emt 0:00:02]} 32. Kf2 {[%emt 0:00:05]} a5 {[%emt 0:00:57]} 33. g4 {[%emt 0:00:09]} Re8 {[%emt 0:00:15]} 34. gxf5 {[%emt 0:00:02]} gxf5 {[%emt 0:00:01]} 35. Nb7 {[%emt 0:00:17]} Rb8 {[%emt 0:00:33]} 36. Nxa5 {[%emt 0:00:02]} f4 {[%emt 0:00:18]} 37. Bd6 {[%emt 0:00:10]} Re8 {[%emt 0:00:08]} 38. Nxc6 {[%emt 0:00:04]} Nc3 {[%emt 0:00:08]} 39. Rc1 {[%emt 0:00:08]} e3+ {[%emt 0:00:02]} 40. Kf3 {[%emt 0:00:01]} e2 {[%emt 0:00:01]} 41. Ne7+ {[%emt 0:00:42]} Kf7 {[%emt 0:00:01]} 42. a5 $2 {[%emt 0:00:27]} (42. Re1 $17 {ist der einzige Weg für Weiss..}) 42... Rxe7 {[%emt 0:00:36]} 43. Bxe7 {[%emt 0:00:02]} Kxe7 {[%emt 0:00:01]} 44. a6 {[%emt 0:00:01]} Bd4 {[%emt 0:00:06]} 45. b4 {[%emt 0:00:36]} Kd6 {[%emt 0:00:18]} 46. b5 {[%emt 0:00:15]} Be3 {[%emt 0:00:18]} 47. Ra1 {[%emt 0:00:11]} Nxb5 48. Kxe2 {[%emt 0:00:01]} Kc6 {[%emt 0:00:20]} 49. Kf3 {[%emt 0:00:42]} Kb6 {[%emt 0:00:02]} 50. Rd1 {[%emt 0:00:01]} Kxa6 {[%emt 0:00:19]} 51. Rd7 {[%emt 0:00:01]} h6 {[%emt 0:00:12]} 52. Rh7 {[%emt 0:00:03]} Nd4+ {[%emt 0:00:07]} 53. Ke4 {[%emt 0:00:01]} Kb5 {[%emt 0:00:03]} 54. Rxh6 {[%emt 0:00:02]} Kc4 {[%emt 0:00:04]} 55. Rh8 {[%emt 0:00:06]} Ne6 {[%emt 0:00:14]} 56. Rc8+ {[%emt 0:00:04]} Nc5+ {[%emt 0:00:01]} 57. Kf3 {[%emt 0:00:08]} Kd4 {[%emt 0:00:05]} 58. h4 {[%emt 0:00:02]} Ke5 {[%emt 0:00:07]} 59. h5 {[%emt 0:00:06]} Kf5 {[%emt 0:00:05]} 60. Rg8 {[%emt 0:00:06]} Ne6 {[%emt 0:00:04]} 61. h6 {[%emt 0:00:04]} Nd4+ {[%emt 0:00:05]} 62. Kg2 {[%emt 0:00:01]} f3+ {[%emt 0:00:03]} 63. Kg3 {[%emt 0:00:05]} Bxh6 {[%emt 0:00:04]} 64. Rd8 {[%emt 0:00:10]} Bf4+ {[%emt 0:00:09]} 65. Kf2 {[%emt 0:00:01]} Ne6 {[%emt 0:00:56]} 66. Ra8 $2 {[%emt 0:00:15]} (66. Rg8 $11) 66... Kg4 {[%emt 0:00:12]} 67. Rg8+ {[%emt 0:00:18]} Ng5 {[%emt 0:00:19]} 68. Rg7 {[%emt 0:00:01]} Bg3+ {[%emt 0:00:08]} 69. Ke3 {[%emt 0:00:01]} f2 {[%emt 0:00:08]} 70. Ke2 {[%emt 0:00:01]} Kf4 {[%emt 0:00:11]} 71. Rg8 {[%emt 0:00:09]} Nh3 {[%emt 0:00:05]} 72. Rf8+ {[%emt 0:00:07]} Ke4 {[%emt 0:00:10]} 73. Re8+ {[%emt 0:00:05]} Kf4 {[%emt 0:00:14]} 74. Rf8+ {[%emt 0:00:02]} Kg4 {[%emt 0:00:02]} 75. Rg8+ {[%emt 0:00:02]} Ng5 {[%emt 0:00:17]} 76. Kf1 {[%emt 0:00:17]} Bh4 {[%emt 0:00:14]} 77. Kg2 {[%emt 0:00:02]} Kf4 {[%emt 0:00:05]} 78. Rf8+ {[%emt 0:00:01]} Ke3 {[%emt 0:00:03]} 79. Re8+ {[%emt 0:00:03]} Ne4 {[%emt 0:00:05]} 80. Re6 {[%emt 0:00:04]} Bg3 {[%emt 0:00:28]} 81. Re8 {[%emt 0:00:04]} Bh4 {[%emt 0:00:07]} 82. Re6 $11 {[%emt 0:00:19]} Kd3 {[%emt 0:00:02]} 83. Re5 {[%emt 0:00:36]} Kd4 {[%emt 0:00:15]} 84. Rf5 {[%emt 0:00:10]} Bg3 {[%emt 0:00:14]} 85. Rf8 {[%emt 0:00:02]} Ke3 {[%emt 0:00:06]} 86. Re8 {[%emt 0:00:06]} Kd3 {[%emt 0:00:14]} 87. Rd8+ {[%emt 0:00:01]} Ke3 {[%emt 0:00:10]} 1/2-1/2

[Event "29th Czech Open-Rapid 2018"]
[Site "Pardubice"]
[Date "2018.07.19"]
[Round "4"]
[White "Zhuravlev, Stepan"]
[Black "Priyanka, Nutakki"]
[Result "1/2-1/2"]
[WhiteElo "2206"]
[BlackElo "1839"]
[Annotator "NA"]
[PlyCount "102"]
[EventDate "2018.07.18"]
[EventType "swiss"]
[EventCountry "CZE"]
[SourceTitle "playchess.com"]
[Source "ChessBase"]
[SourceQuality "1"]
[TimeControl "900+10"]

1. d4 {[%emt 0:00:00]} Nf6 {[%emt 0:00:00]} 2. c4 {[%emt 0:00:00]} e6 {[%emt 0:00:00]} 3. Nc3 {[%emt 0:00:00]} Bb4 {[%emt 0:00:00]} 4. Qc2 {[%emt 0:00:01]} O-O {[%emt 0:00:01]} 5. a3 {[%emt 0:00:04]} Bxc3+ {[%emt 0:00:03]} 6. Qxc3 {[%emt 0:00:02]} d6 {[%emt 0:00:17]} 7. Bg5 {[%emt 0:01:08]} Nbd7 {[%emt 0:00:13]} 8. e3 {[%emt 0:01:00]} h6 {[%emt 0:00:17]} 9. Bh4 {[%emt 0:00:45]} e5 {[%emt 0:00:14]} 10. Bd3 {[%emt 0:01:14]} Re8 {[%emt 0:01:50]} 11. Ne2 {[%emt 0:01:05]} Nf8 {[%emt 0:00:43]} 12. h3 {[%emt 0:01:43]} c6 {[%emt 0:00:55]} 13. O-O-O {[%emt 0:01:13]} e4 {[%emt 0:00:42]} 14. Bc2 {[%emt 0:00:26]} d5 {[%emt 0:00:02]} 15. c5 {[%emt 0:00:32]} Ng6 {[%emt 0:01:56]} 16. Bg3 {[%emt 0:00:20]} a5 {[%emt 0:00:31]} 17. Bh2 {[%emt 0:00:33]} b6 {[%emt 0:00:33]} 18. Bd6 {[%emt 0:00:55]} Ba6 {[%emt 0:00:05]} 19. Nf4 {[%emt 0:00:37]} Nxf4 {[%emt 0:00:24]} 20. Bxf4 {[%emt 0:00:04]} bxc5 {[%emt 0:01:51]} 21. dxc5 {[%emt 0:00:27]} Nd7 {[%emt 0:00:32]} 22. Ba4 {[%emt 0:00:52]} Rc8 {[%emt 0:00:47]} 23. Rhg1 {[%emt 0:00:35]} Qf6 24. Qxa5 {[%emt 0:02:01]} Be2 {[%emt 0:02:05]} 25. Rd2 {[%emt 0:00:33]} Ra8 {[%emt 0:00:03]} 26. Qb4 {[%emt 0:00:23]} Bc4 {[%emt 0:02:59]} 27. Bd6 {[%emt 0:00:14]} Ne5 {[%emt 0:00:22]} 28. Bc2 {[%emt 0:01:20]} Qg5 {[%emt 0:00:05]} 29. Rdd1 {[%emt 0:01:22]} Qf6 {[%emt 0:00:44]} 30. Rd2 {[%emt 0:00:03]} Qg5 {[%emt 0:00:01]} 31. Rdd1 {[%emt 0:00:16]} Be2 {[%emt 0:01:09]} 32. Rde1 {[%emt 0:00:10]} Bd3 {[%emt 0:00:09]} 33. Bxe5 {[%emt 0:00:08]} Qxe5 {[%emt 0:00:01]} 34. Qd4 {[%emt 0:00:23]} Qf5 {[%emt 0:00:29]} 35. f4 {[%emt 0:00:09]} Bxc2 {[%emt 0:00:25]} 36. Kxc2 {[%emt 0:00:01]} Reb8 {[%emt 0:00:15]} 37. Ra1 {[%emt 0:00:08]} Qh5 {[%emt 0:00:14]} 38. Qd1 {[%emt 0:00:19]} Qf5 {[%emt 0:00:08]} 39. Qd4 {[%emt 0:00:01]} Qh5 {[%emt 0:00:01]} 40. Qd1 {[%emt 0:00:03]} Qf5 {[%emt 0:00:01]} 41. g4 {[%emt 0:00:04]} Qc8 {[%emt 0:00:10]} 42. b4 {[%emt 0:00:24]} Qa6 {[%emt 0:00:07]} 43. Qd4 {[%emt 0:00:12]} Qe2+ {[%emt 0:00:14]} 44. Qd2 {[%emt 0:00:13]} Qc4+ {[%emt 0:00:02]} 45. Qc3 {[%emt 0:00:01]} Qe2+ {[%emt 0:00:04]} 46. Qd2 {[%emt 0:00:02]} Qc4+ {[%emt 0:00:01]} 47. Qc3 {[%emt 0:00:02]} Qe2+ {[%emt 0:00:07]} 48. Kb3 {[%emt 0:00:16]} Qb5 {[%emt 0:00:56]} 49. g5 {[%emt 0:00:15]} h5 {[%emt 0:00:02]} 50. h4 {[%emt 0:00:28]} Ra5 {[%emt 0:00:14]} 51. Rgc1 Raa8 1/2-1/2

[Event "29th Czech Open-Rapid 2018"]
[Site "Pardubice"]
[Date "2018.07.19"]
[Round "4"]
[White "Mirzoeva, Elmira"]
[Black "Manik, Mikulas"]
[Result "1/2-1/2"]
[WhiteElo "2181"]
[BlackElo "2457"]
[Annotator "TA"]
[PlyCount "135"]
[EventDate "2018.07.18"]
[EventType "swiss"]
[EventCountry "CZE"]
[SourceTitle "playchess.com"]
[Source "ChessBase"]
[SourceQuality "1"]

{[%evp 18,135,0,-2,0,0,0,0,0,0,0,-7,11,12,20,14,15,10,28,17,51,0,0,0,8,0,12,9,30,24,38,29,36,12,28,21,40,43,39,12,24,12,8,0,0,0,2,-21,-6,-10,0,0,0,0,0,0,48,28,28,28,28,34,39,39,31,42,32,48,50,0,0,0,0,0,0,0,0,0,0,0,0,0,0,0,0,0,0,0,0,0,0,0,0,0,0,0,0,0,0,0,0,0,0,0,0,0,0,-12851,0,0,0,0,0,0,0,0,0,0,0,0]} 1. d4 Nf6 2. Bf4 g6 3. e3 c5 (3... Bg7 4. Nf3 O-O 5. Be2 c5 6. c3 b6 7. O-O Bb7 8. Nbd2 d6 9. h3 Na6 10. Bh2 Nc7 11. a4 Ne4 12. Nxe4 Bxe4 13. Nd2 Bc6 14. b4 Qc8 15. b5 Bd5 16. a5 f5 17. Re1 {1-0 (53) Caruana,F (2816)-Aronian,L (2764) Leuven 2018}) 4. c3 Qb6 5. Qb3 d6 6. Nd2 {A45: Trompowsky Attack} Bg7 7. Ngf3 O-O 8. h3 Be6 9. Bc4 $146 ({Predecessor:} 9. Qa3 cxd4 10. exd4 Qc6 11. c4 d5 12. c5 Ne4 13. Be2 Qc8 14. Qe3 Nc6 15. O-O {½-½ (33) Gorovets,A (2496)-Liang,A (2570) Saint Louis 2018}) 9... Bxc4 10. Nxc4 {LiveBook: 4 Games} Qa6 11. a4 Nd5 12. Bg3 Nb6 13. Nfd2 Nxc4 14. Qxc4 Qb6 15. Qb5 cxd4 16. exd4 Qc7 17. O-O a6 18. Qc4 Qb6 19. Qb3 (19. Rfe1 $14) 19... Nd7 20. Rfe1 {[#] Strongly threatening Qxb6.} Rfe8 21. Qa2 e5 22. Nc4 Qc7 23. dxe5 dxe5 24. Rad1 Re6 25. a5 Rae8 26. Re2 h5 27. Red2 Nf6 28. Nb6 Qc5 29. Nd7 Qc6 30. Nxf6+ Bxf6 31. Qd5 Qc7 32. f3 Bg5 33. Rd3 Bf4 34. Bf2 e4 35. fxe4 Rxe4 36. Rf3 Be3 (36... h4 {is interesting.} 37. b4 g5 38. Bd4 R8e6 39. Rff1 Re2) 37. Bxe3 Rxe3 38. Rxe3 Rxe3 39. Qd8+ Qxd8 40. Rxd8+ $14 {[%mdl 4096] Endgame KR-KR} Kg7 41. Rd7 Re5 42. b4 Re3 43. Rxb7 Rxc3 44. Rb6 Rb3 45. Kf2 h4 46. Ke2 g5 47. Kf2 f6 48. Rxa6 Rxb4 49. Ra8 Kg6 50. a6 {[#] Hoping for a7.} Ra4 51. Ke2 Kf5 {And now ...Kf4 would win.} 52. a7 Kf4 53. Rf8 $1 Rxa7 54. Rxf6+ Kg3 55. Rf5 $1 Ra2+ (55... Kxg2 $2 56. Rxg5+ Kxh3 57. Rf5 $17) 56. Kf1 Ra1+ 57. Ke2 g4 58. hxg4 Kxg2 59. g5 Ra2+ (59... h3 $5 60. g6 $8 Ra2+ 61. Ke3 Ra3+ 62. Ke2 Rg3 63. Rf2+ Kh1 $11) 60. Ke3 Ra3+ 61. Kf4 h3 {( -> ...h2)} 62. g6 Ra4+ $2 (62... h2 $19 63. g7 Ra4+ 64. Ke3 Rg4 65. Rf2+ Kg1 66. Rxh2 Kxh2) 63. Ke3 $11 {Black should prevent Rg5+.The position is equal.} Rg4 (63... h2 $5 64. Rg5+ $8 Kh3 $11) 64. Rf2+ Kg3 65. Rf3+ Kh4 {...h2 is the strong threat.} 66. Rf4 Rxf4 67. Kxf4 {Threatening mate with g7.} h2 68. g7 {Precision: White = 62%, Black = 56%.} 1/2-1/2

[Event "29th Czech Open-Rapid 2018"]
[Site "Pardubice"]
[Date "2018.07.19"]
[Round "4"]
[White "Illetsko, Jaroslav"]
[Black "Straka, Vojtech"]
[Result "0-1"]
[WhiteElo "2177"]
[BlackElo "1722"]
[Annotator "NA"]
[PlyCount "70"]
[EventDate "2018.07.18"]
[EventType "swiss"]
[EventCountry "CZE"]
[SourceTitle "playchess.com"]
[Source "ChessBase"]
[SourceQuality "1"]
[TimeControl "900+10"]

1. e4 {[%emt 0:00:00]} c6 {[%emt 0:00:00]} 2. Nc3 {[%emt 0:00:03]} d5 {[%emt 0:00:00]} 3. Nf3 {[%emt 0:00:10]} d4 {[%emt 0:00:00]} 4. Ne2 {[%emt 0:00:38]} c5 {[%emt 0:00:00]} 5. c3 {[%emt 0:00:06]} Nc6 {[%emt 0:00:07]} 6. d3 {[%emt 0:00:29]} e5 {[%emt 0:00:12]} 7. c4 {[%emt 0:00:30]} Bg4 {[%emt 0:01:40]} 8. Ng3 {[%emt 0:00:20]} Be7 {[%emt 0:01:10]} 9. h3 {[%emt 0:01:11]} Be6 {[%emt 0:01:20]} 10. Be2 {[%emt 0:00:39]} Nf6 {[%emt 0:00:12]} 11. O-O {[%emt 0:01:25]} O-O {[%emt 0:00:11]} 12. Ng5 {[%emt 0:00:51]} Bd7 {[%emt 0:01:08]} 13. f4 {[%emt 0:00:20]} h6 {[%emt 0:01:20]} 14. Nf3 {[%emt 0:00:08]} Bd6 {[%emt 0:00:40]} 15. fxe5 {[%emt 0:00:52]} Nxe5 {[%emt 0:00:52]} 16. Nxe5 {[%emt 0:00:10]} Bxe5 {[%emt 0:00:04]} 17. Nf5 {[%emt 0:00:05]} Bxf5 {[%emt 0:00:20]} 18. Rxf5 {[%emt 0:00:42]} Qd6 {[%emt 0:00:18]} 19. Bd2 {[%emt 0:01:19]} Rad8 {[%emt 0:00:58]} 20. a3 {[%emt 0:00:47]} b6 {[%emt 0:00:41]} 21. b4 {[%emt 0:00:12]} g6 {[%emt 0:02:21]} 22. Rf1 {[%emt 0:00:40]} Kg7 {[%emt 0:01:33]} 23. Qc1 {[%emt 0:00:48]} Rh8 {[%emt 0:00:30]} 24. Bf3 {[%emt 0:01:15]} Rdg8 {[%emt 0:00:50]} 25. b5 {[%emt 0:00:33]} g5 {[%emt 0:01:01]} 26. a4 {[%emt 0:00:17]} g4 {[%emt 0:00:48]} 27. hxg4 {[%emt 0:01:03]} Bh2+ {[%emt 0:00:32]} 28. Kh1 {[%emt 0:02:48]} h5 {[%emt 0:00:03]} 29. g5 {[%emt 0:00:06]} Ng4 {[%emt 0:00:04]} 30. g3 {[%emt 0:00:57]} Qxg3 {[%emt 0:00:24]} 31. Qe1 {[%emt 0:00:05]} Qxe1 {[%emt 0:00:30]} 32. Raxe1 {[%emt 0:00:03]} Bg3 {[%emt 0:00:10]} 33. Re2 {[%emt 0:00:06]} Ne5 {[%emt 0:00:06]} 34. Kg2 {[%emt 0:00:23]} h4 {[%emt 0:00:04]} 35. a5 {[%emt 0:00:14]} Nxd3 {[%emt 0:00:03]} 0-1